[Event "FSFMB November"]
[Site "Budapest HUN"]
[Date "2011.11.08"]
[Round "4"]
[White "Bacsi,A"]
[Black "Koczo,K"]
[Result "0-1"]
[WhiteElo "1905"]
[BlackElo "2147"]

1.d4 d5 2.c4 c6 3.Nc3 Nf6 4.Nf3 dxc4 5.a4 Bf5 6.e3 e6 7.Bxc4 Bb4 8.O-O O-O
9.Bd2 a5 10.Qe2 Bg4 11.h3 Bxf3 12.Qxf3 Nbd7 13.Rad1 e5 14.Ne4 Nxe4 15.Qxe4 Qe7
16.Bxb4 Qxb4 17.b3 Rae8 18.d5 Nf6 19.Qd3 cxd5 20.Bxd5 Rd8 21.e4 Nxd5 22.exd5 Rd6
23.Rfe1 f6 24.Re4 Qb6 25.Qe3 Qxe3 26.Rxe3 Rfd8 27.Red3 b5 28.axb5 Rb8 29.g4 Rxb5
30.Kg2 Kf7 31.Kf3 Ke7 32.Ke4 Rb4+ 33.Ke3 Rdb6 34.d6+ Kd7 35.Ra1 R4b5 36.b4 axb4
37.Rb3 Kxd6 38.f4 exf4+ 39.Kxf4 Kd5  0-1

[Event "38th ch-IND w 2011"]
[Site "Chennai IND"]
[Date "2011.11.09"]
[Round "11"]
[White "Meenakshi,Sub"]
[Black "Bharathi,R"]
[Result "1-0"]
[WhiteElo "2297"]
[BlackElo "2112"]

1.d4 d5 2.c4 c6 3.Nf3 Nf6 4.Nc3 dxc4 5.a4 Bf5 6.e3 e6 7.Bxc4 Bb4 8.O-O O-O
9.h3 Nbd7 10.Nh4 Bg6 11.Nxg6 hxg6 12.Qe2 Qa5 13.Rd1 Rad8 14.Qc2 Nb6 15.Be2 e5
16.Na2 exd4 17.Nxb4 Qxb4 18.a5 Nbd7 19.Rxd4 Qe7 20.b3 c5 21.Rd1 Ne4 22.Bb2 Ndf6
23.Bc4 Nd6 24.Qxg6 Nxc4 25.Bxf6 fxg6 26.Bxe7 Rxd1+ 27.Rxd1 Re8 28.Bxc5 Nxa5
29.b4 b6 30.bxa5 bxc5 31.Rd7 a6 32.Rd6 Rc8 33.Rxa6 c4 34.Rb6 Kf7 35.Kf1 c3
36.Rb1 Ra8 37.Rc1 Rxa5 38.Rxc3 Ra2 39.g4 Kf6 40.Kg2 Ra5 41.Rc6+ Kf7 42.Kg3 g5
43.h4 gxh4+ 44.Kxh4 Ra2 45.Kg3 Re2 46.g5 g6 47.Kf3 Ra2 48.e4 Rb2 49.Ke3 Rb3+
50.Kf4 Rb2 51.f3 Rb5 52.Rd6 Ra5 53.Rd7+ Kf8 54.Rd5 Ra3 55.Kg4 Re3 56.Rd4 Re1
57.Kf4 Rf1 58.Rd3 Rg1 59.Ke5 Ke7 60.f4 Ra1 61.Rd5 Ra2 62.Rb5 Ra7 63.f5 gxf5
64.exf5 Kf7 65.Rb6 Ra5+ 66.Kf4 Ra4+ 67.Kg3 Kg7 68.Rb7+ Kf8 69.g6 Ra1 70.Kf4 Rc1
71.Kg5 Kg8  1-0

[Event "12th Metropolitan Inv"]
[Site "Los Angeles USA"]
[Date "2011.11.10"]
[Round "3"]
[White "Haessel,D"]
[Black "Troff,Kayden W"]
[Result "1-0"]
[WhiteElo "2211"]
[BlackElo "2279"]

1.d4 d5 2.Nf3 Nf6 3.c4 c6 4.Nc3 dxc4 5.a4 Bf5 6.Ne5 Nbd7 7.Nxc4 Qc7 8.g3 e5
9.dxe5 Nxe5 10.Bf4 Nfd7 11.Bg2 g5 12.Ne3 gxf4 13.Nxf5 O-O-O 14.Qc2 Ng6 15.O-O a5
16.Rfd1 Bb4 17.Rac1 Nc5 18.Na2 Na6 19.Nxb4 Nxb4 20.Qc4 Kb8 21.Nh6 fxg3 22.hxg3 f6
23.b3 Rhe8 24.Nf5 Qe5 25.Nd4 h5 26.e3 Qe7 27.Nf3 Ne5 28.Nxe5 Qxe5 29.Bf3 Qb2
30.Rb1 Qe5 31.Rbc1 Rg8 32.Kg2 Kc7 33.Qf7+ Kb8 34.Qxh5 Qb2 35.Qxa5 Nd3 36.Rxd3 Rxd3
37.Rxc6 Rd7 38.Qc3 Qb1 39.Rxf6 Rh8 40.Qe5+ Kc8 41.Rc6+ bxc6 42.Qxh8+ Kb7
43.Qe8 Rc7 44.Qe6 Qc2 45.Qc4 Qxc4 46.bxc4 Kb6 47.g4 Ra7 48.Be2 Rxa4 49.f4 Kc5
50.g5 Kd6 51.Kf3 Ke6 52.Ke4 Ra1 53.f5+ Kf7 54.Bh5+ Kf8 55.Ke5 Ke7 56.f6+ Kf8
57.e4 Rg1 58.Kf5 Rf1+ 59.Ke6 Rh1 60.Bf7 Re1 61.g6 Rxe4+ 62.Kf5 Re1 63.Be6 Rf1+
64.Ke5 Re1+ 65.Kd6  1-0

[Event "2nd Brno Open"]
[Site "Brno CZE"]
[Date "2011.11.13"]
[Round "2"]
[White "Bernadskiy,V"]
[Black "Khamidov,K"]
[Result "1-0"]
[WhiteElo "2439"]
[BlackElo "2056"]

1.d4 d5 2.c4 c6 3.Nf3 Nf6 4.Nc3 dxc4 5.a4 Bf5 6.Nh4 Be6 7.e4 g6 8.Nf3 h6
9.Ne5 Bg7 10.Nxc4 O-O 11.f3 Ne8 12.Be3 Nd6 13.Nxd6 exd6 14.Be2 Qh4+ 15.g3 Qh3
16.Qd2 Bb3 17.Ra3 Be6 18.Nd1 Qh5 19.Nf2 b6 20.f4  1-0

[Event "TCh-CZE Liga1 Vychod"]
[Site "Czech Rep CZE"]
[Date "2011.11.13"]
[Round "3"]
[White "Stachowiak,K"]
[Black "Cerveny,M"]
[Result "1/2-1/2"]
[WhiteElo "2425"]
[BlackElo "2347"]

1.Nf3 d5 2.d4 Nf6 3.c4 c6 4.Nc3 dxc4 5.a4 Bf5 6.e3 e6 7.Bxc4 Bb4 8.O-O O-O
9.Qe2 Bg4 10.Rd1 Qa5 11.Bd2 Qh5 12.Ne4 Nxe4 13.Bxb4 Ng5 14.Bd6 Nd7 15.Bg3 Nf6
16.Qc2 Nxf3+ 17.gxf3 Bxf3 18.Rdc1 Ne4 19.Be2 Nxg3 20.Bxf3 Qxf3 21.hxg3 Rad8
22.Ra3 f5 23.Qc4 Rf6 24.Qf1 Rh6 25.Qg2 Qh5 26.Raa1 f4 27.exf4 Rxd4 28.Re1 a5
29.Ra3 Rf6 30.Rae3 Rxa4 31.Re5 Qg6 32.b3 Ra3 33.Qh3 Rxb3 34.f5 exf5 35.Re8+ Rf8
36.Rxf8+ Kxf8 37.Qh4 Rd3 38.Qe7+ Kg8 39.Qxb7 h6 40.Qc8+ Kh7 41.Re8 Qf7 42.Rh8+ Kg6
43.Qxc6+ Kg5 44.Qc1+ Kh5 45.Qe1 Qd7 46.Qxa5 Rd5 47.Qc3 Rd1+ 48.Kg2 Rd3 49.Qe5 Rd2
50.Qe8+ Qxe8 51.Rxe8 Kg4 52.Re6 Kg5 53.Re5 h5 54.Ra5 g6 55.Ra4 Re2 56.Ra6 Rb2
57.Rc6 f4 58.gxf4+ Kf5 59.Kg3 Rb3+ 60.f3 h4+ 61.Kxh4 Rxf3 62.Rc5+  1/2-1/2

[Event "WYCC U16 Open"]
[Site "Caldas Novas BRA"]
[Date "2011.11.19"]
[Round "2"]
[White "Torres Rosas,L"]
[Black "Laurusas,T"]
[Result "0-1"]
[WhiteElo "2158"]
[BlackElo "2363"]

1.d4 d5 2.c4 c6 3.Nf3 Nf6 4.Nc3 dxc4 5.a4 Bf5 6.Nh4 Bg4 7.h3 Bh5 8.g4 Bg6
9.Nxg6 hxg6 10.e3 e6 11.Bxc4 Bb4 12.Bd2 Qa5 13.Qf3 Nbd7 14.Bb3 g5 15.O-O-O O-O-O
16.e4 Qb6 17.Bc2 Qxd4 18.Bxg5 Qc5 19.Be3 Qa5 20.g5 Bxc3 21.bxc3 Ne5 22.Qg2 Nfd7
23.f4 Ng6 24.Qf2 c5 25.Bb1 Qa6 26.a5 Qc6  0-1

[Event "Martin Open"]
[Site "Martin SVK"]
[Date "2011.11.19"]
[Round "5"]
[White "Nedoba,Milan"]
[Black "Milcova,Z"]
[Result "0-1"]
[WhiteElo "1787"]
[BlackElo "1940"]

1.d4 d5 2.c4 c6 3.Nf3 Nf6 4.Nc3 dxc4 5.a4 Bf5 6.e3 e6 7.Bxc4 Be7 8.O-O h6
9.Bd3 Bxd3 10.Qxd3 O-O 11.e4 Na6 12.Be3 Qa5 13.Bd2 Bb4 14.e5 Ne8 15.Qe4 Qd8
16.Qg4 Kh7 17.Be3 Be7 18.Ne4 Nac7 19.Qh5 Nd5 20.g3 Nxe3 21.fxe3 g6 22.Qh3 Kg7
23.Rf2 Qd5 24.Ned2 Rd8 25.Raf1 Nc7 26.Nh4 Qd7 27.Ne4 Nd5 28.g4 Nxe3 29.Qxe3 Bxh4
30.Nf6 Qxd4 31.Qxd4 Rxd4 32.Rg2 Rxa4 33.Rd2 Bxf6 34.exf6+ Kh7 35.h3 g5 36.Rd7 Rb4
37.Re1 Kg6 38.Re2 Kxf6  0-1

[Event "3rd Pilsen Open"]
[Site "Plzen CZE"]
[Date "2011.11.22"]
[Round "5"]
[White "Kourousis,E"]
[Black "Jiruse,J"]
[Result "1-0"]
[WhiteElo "2277"]
[BlackElo "2033"]

1.d4 d5 2.c4 c6 3.Nf3 Nf6 4.Nc3 dxc4 5.a4 Bf5 6.Nh4 Bg6 7.Nxg6 hxg6 8.e3 e6
9.Bxc4 Bb4 10.O-O Nd5 11.Na2 Qh4 12.h3 Bd6 13.Re1 f5 14.Qc2 Nf6 15.Nc3 Ng4
16.e4 Nxf2 17.Qxf2 Bg3 18.Qe2 Bxe1 19.exf5 O-O 20.Be3 Bxc3 21.fxe6 Bb4 22.e7+ Kh7
23.exf8=N+ Bxf8 24.Bf2 Qd8 25.Qe6 Bb4 26.Bd3 Qf6 27.Qc8 Qe7 28.Bc4 g5 29.Qg8+ Kg6
30.Bd3+  1-0

[Event "Femida Cup Men"]
[Site "Kharkiv UKR"]
[Date "2011.11.23"]
[Round "4"]
[White "Tovmasian,V"]
[Black "Musakaev,E"]
[Result "1-0"]
[WhiteElo "2417"]
[BlackElo "2363"]

1.d4 d5 2.c4 c6 3.Nc3 Nf6 4.Nf3 dxc4 5.a4 Bf5 6.Nh4 e6 7.Nxf5 exf5 8.e3 Bb4
9.Bxc4 O-O 10.O-O Nbd7 11.Qb3 a5 12.Na2 Bd6 13.Qxb7 Bxh2+ 14.Kxh2 Ng4+ 15.Kg3 Qg5
16.f4 Qg6 17.Kf3 Qh5 18.Ke2 Nh2+ 19.Kd2 Nxf1+ 20.Bxf1 Nf6 21.Kc2 Rfb8 22.Qe7 Re8
23.Qa3 Nd5 24.Bd2 Qh4 25.Qd3 Qf2 26.Qe2 Nxe3+ 27.Bxe3 Qxe3 28.Qxe3 Rxe3 29.Nc3 h6
30.Be2 Rd8 31.Rd1 g5 32.Bf3 Rd6 33.d5 cxd5 34.Nxd5 Ree6 35.fxg5 hxg5 36.Ne7+ Kf8
37.Rxd6 Rxd6 38.Nxf5 Rb6 39.Ne3 Ke8 40.Nc4 Ra6 41.Bb7 Rf6 42.Nxa5 Rf2+ 43.Kc3 Kd7
44.Nc4 Kc7 45.Bd5 f5 46.a5 Rf1 47.b4 Rd1 48.Ne3 Re1 49.Kd4 f4 50.Nc4 g4 51.b5 f3
52.gxf3 g3 53.Ne3 Ra1 54.a6 Kb6 55.Bc6 Rf1 56.Ng2 Rf2 57.f4 Ka7 58.Ke5 Re2+
59.Kf5  1-0

[Event "21st World Seniors"]
[Site "Rijeka CRO"]
[Date "2011.11.23"]
[Round "8.5"]
[White "Kovacevic,Vlat"]
[Black "Chernikov,O1"]
[Result "1/2-1/2"]
[WhiteElo "2482"]
[BlackElo "2402"]

1.d4 d5 2.Nf3 c6 3.c4 Nf6 4.Nc3 dxc4 5.a4 Bf5 6.e3 Nbd7 7.Bxc4 e6 8.O-O Bd6
9.Qe2 Bg4 10.h3 Bxf3 11.Qxf3 O-O 12.Rd1 e5 13.Bb3 Qe7 14.Ne4 Nxe4 15.Qxe4 a5
16.g4 exd4 17.Qxe7 Bxe7 18.exd4 Nb6 19.Bf4 Nd5 20.Bxd5 cxd5 21.Rac1 Rfc8
22.Bc7 Kf8 23.Bxa5 Rxc1 24.Rxc1 Rxa5 25.Rc8+ Bd8 26.Rxd8+ Ke7 27.Rb8 Rxa4
28.Rxb7+ Ke6 29.b4 Ra1+ 30.Kg2 Rd1 31.Rb6+ Ke7 32.Rb7+ Ke6  1/2-1/2

[Event "25th Belgrade Trophy"]
[Site "Obrenovac SRB"]
[Date "2011.11.26"]
[Round "3.2"]
[White "Ernst,S"]
[Black "Skurikhin,D"]
[Result "1/2-1/2"]
[WhiteElo "2593"]
[BlackElo "2345"]

1.Nf3 d5 2.d4 Nf6 3.c4 c6 4.Nc3 dxc4 5.a4 Bf5 6.Ne5 Nbd7 7.Nxc4 Nb6 8.Ne5 a5
9.f3 Nfd7 10.e4 Nxe5 11.dxe5 Qxd1+ 12.Kxd1 Be6 13.Kc2 Nd7 14.Bf4 f6 15.Rb1 g5
16.Bg3 Nxe5 17.b4 axb4 18.Rxb4 Bc8 19.Be2 e6 20.Rb3 Bc5 21.h4 Rg8 22.hxg5 Rxg5
23.Rh3 Rg7 24.Bf1 Bd4 25.Rb4 Bc5 26.Rb1 Bd4 27.Ne2 Rxa4 28.Nxd4 Rxd4 29.Ra1 Nc4
30.Bh4 Ne3+ 31.Kc3 Nxf1 32.Bxf6 e5 33.Ra8 Kf7 34.Bxg7 Bxh3 35.Bxe5 Rd7 36.gxh3 Nd2
37.Rh8 Ke6 38.Re8+ Kf7 39.Rh8 Ke6 40.Re8+ Kf7 41.Rh8  1/2-1/2

[Event "TCh-CZE Liga 1 Zapad"]
[Site "Czech Rep CZE"]
[Date "2011.11.27"]
[Round "4.4"]
[White "Vokac,M"]
[Black "Meduna,E1"]
[Result "1/2-1/2"]
[WhiteElo "2471"]
[BlackElo "2420"]

1.d4 d5 2.c4 c6 3.Nf3 Nf6 4.Nc3 dxc4 5.a4 Bf5 6.Ne5 Nbd7 7.Nxc4 Qc7 8.g3 e5
9.dxe5 Nxe5 10.Bf4 Rd8 11.Qc1 Bd6 12.Nxd6+ Qxd6 13.Bg2 O-O 14.O-O a5 15.h3 Qe6
16.g4 Bg6 17.Bxe5 Qxe5 18.f4 Qc5+ 19.Kh1 h6 20.e4 Nd7 21.f5 Bh7 22.g5 hxg5
23.Qxg5 Qe5 24.Rae1 Nc5 25.Re2 Rd6 26.Nd1 Re8 27.Bf3 Ne6 28.Qg4 Nd4 29.Re3 Red8
30.Bg2 Nc2 31.Rg3 g6 32.Nf2 Qe7 33.Qf4 Kh8 34.fxg6 Rxg6  1/2-1/2

[Event "TCh-CZE Liga1 Vychod"]
[Site "Czech Rep CZE"]
[Date "2011.11.27"]
[Round "4"]
[White "Bures,J"]
[Black "Sabol,M"]
[Result "1/2-1/2"]
[WhiteElo "2415"]
[BlackElo "2371"]

1.d4 Nf6 2.c4 c6 3.Nc3 d5 4.Nf3 dxc4 5.a4 Bf5 6.e3 Nbd7 7.Bxc4 Nb6 8.Bb3 e6
9.O-O Bb4 10.Nh4 Bg4 11.f3 Bh5 12.e4 Bxc3 13.bxc3 Nxe4 14.Qe1 Nxc3 15.Nf5 O-O
16.Ng3 Qxd4+ 17.Be3 Qb4 18.Nxh5 Qxb3 19.Bd4 Qd5 20.Bxg7 Qxh5 21.Bxf8 Rxf8
22.Qxc3 Rd8 23.f4 Qd5 24.Rfd1 Qxd1+ 25.Rxd1 Rxd1+ 26.Kf2 Rd5 27.a5 Na4 28.Qg3+ Kf8
29.f5 Rxf5+ 30.Ke3 Rb5 31.Qd6+ Ke8 32.a6 bxa6 33.Qxc6+ Kf8 34.Qxa6 Re5+ 35.Kf4 Rf5+
36.Kg4 h5+ 37.Kh4 Nc5 38.Qxa7 Kg7 39.g4 hxg4 40.Kxg4 Ne4 41.Qd4+  1/2-1/2

[Event "XXVII Silesian Cup"]
[Site "Legnica POL"]
[Date "2011.11.27"]
[Round "5"]
[White "Sieciechowicz,M"]
[Black "Hnydiuk,A"]
[Result "1-0"]
[WhiteElo "2441"]
[BlackElo "2431"]

1.d4 d5 2.c4 c6 3.Nf3 Nf6 4.Nc3 dxc4 5.a4 Bf5 6.Ne5 e6 7.f3 c5 8.e4 Bg6 9.Be3 cxd4
10.Qxd4 Qxd4 11.Bxd4 Nfd7 12.Nxd7 Nxd7 13.Bxc4 Rc8 14.Bb5 a6 15.Bxd7+ Kxd7
16.Ke2 f6 17.Rhd1 Ke8 18.a5 Bb4 19.Bb6 Ke7 20.Rac1 Be8 21.Ke3 Bc6 22.Na2 Bd6
23.Bc5 Bxc5+ 24.Rxc5 Bb5 25.Rdc1 Rxc5 26.Rxc5 Rd8 27.Rc7+ Rd7 28.Rxd7+ Kxd7
29.Nc3 Kc6 30.b4 Bc4 31.f4 e5 32.Kf3 Kd6 33.g3 Bb3 34.h4 Be6 35.Ke3 Bc4 36.Nb1 Kc6
37.Kd2 Ba2 38.Na3 Kd6 39.Kc3 h6 40.f5 Kc6 41.g4 Bf7 42.Nb1 b6 43.axb6 Kxb6
44.Nd2 a5 45.bxa5+ Kxa5 46.Nc4+ Bxc4 47.Kxc4 Kb6 48.Kd5 Kc7 49.Ke6 Kc6 50.Kf7 Kc5
51.Kxg7 Kd4 52.Kxf6 Kxe4 53.g5  1-0

[Event "XXVII Silesian Cup"]
[Site "Legnica POL"]
[Date "2011.11.28"]
[Round "7"]
[White "Sulypa,A"]
[Black "Hnydiuk,A"]
[Result "1-0"]
[WhiteElo "2500"]
[BlackElo "2431"]

1.d4 d5 2.c4 c6 3.Nf3 Nf6 4.Nc3 dxc4 5.a4 Bf5 6.e3 e6 7.Bxc4 Bb4 8.O-O Nbd7
9.Qe2 Bg4 10.h3 Bh5 11.Rd1 O-O 12.e4 Re8 13.Bf4 Qa5 14.e5 Nd5 15.Nxd5 cxd5
16.Bb5 Qd8 17.a5 a6 18.Ba4 Rc8 19.Qe3 Rc7 20.Bg5 Be7 21.g4 Bg6 22.Rdc1 h6
23.Rxc7 Qxc7 24.Rc1 Qd8 25.Bxe7 Rxe7 26.Qa3 Nb8 27.Qd6 Qf8 28.Rc3 f6 29.Nd2 fxe5
30.Qxe5 Rf7 31.Qxe6 Kh7 32.Rc8 Qb4 33.Qe8 Bd3 34.Qg8+ Kg6 35.Be8  1-0

[Event "X Mario Covas"]
[Site "Santos BRA"]
[Date "2011.11.28"]
[Round "4.3"]
[White "Milos,G"]
[Black "Coelho,L"]
[Result "1/2-1/2"]
[WhiteElo "2597"]
[BlackElo "2392"]

1.d4 d5 2.c4 c6 3.Nc3 Nf6 4.Nf3 dxc4 5.a4 Bf5 6.e3 e6 7.Bxc4 Bb4 8.O-O Nbd7
9.Bd2 O-O 10.Ne4 Bxd2 11.Nexd2 c5 12.Qb3 Rb8 13.Qa3 Qe7 14.Rfe1 Ne4 15.Nxe4 Bxe4
16.Nd2 Bg6 17.Bb5 Rfc8 18.Rac1 a6 19.Bxd7 Qxd7 20.Rxc5 Rxc5 21.Qxc5 Qxa4
22.Qc7 Qe8 23.Rc1 h6 24.f3 Bd3 25.Nb3 Bb5 26.Na5 Bc6 27.Nxc6 bxc6 28.Qxc6 Qxc6
29.Rxc6 Rxb2 30.Rxa6 Re2 31.Ra8+ Kh7 32.Ra3 Kg6 33.h4 f5 34.Kf1 Rd2 35.g3 Kf6
36.Ra7 h5 37.Ra6 Kf7 38.Ra1 Kf6 39.Re1 g5 40.hxg5+ Kxg5 41.Re2 Rd1+ 42.Kf2 h4
43.gxh4+ Kxh4 44.Ra2 f4 45.exf4 Rxd4 46.Ke3 Rb4 47.Rg2 Kh5 48.Rg7 Rb6 49.Ke4 Rb4+
50.Ke5 Rb3 51.Kxe6 Rxf3 52.f5 Kh6 53.Re7 Kg5 54.Rg7+ Kh6 55.f6 Ra3 56.Rd7 Kg6
57.Rg7+ Kh6 58.Rg8 Ra6+ 59.Kf5 Ra5+  1/2-1/2

[Event "61st ch-GRE 2011"]
[Site "Chania GRE"]
[Date "2011.11.29"]
[Round "3"]
[White "Kourkounakis,I"]
[Black "Nikolaidis,I"]
[Result "0-1"]
[WhiteElo "2381"]
[BlackElo "2554"]

1.d4 d5 2.c4 c6 3.Nc3 Nf6 4.Nf3 dxc4 5.a4 Bf5 6.e3 e6 7.Bxc4 Bb4 8.O-O O-O
9.Qe2 Bg6 10.e4 Qa5 11.e5 Nd5 12.Ne4 Nd7 13.Nh4 Bxe4 14.Qxe4 Rae8 15.Nf3 f6
16.exf6 N7xf6 17.Qe2 Qc7 18.Ne5 Nd7 19.g3 Nxe5 20.dxe5 Qb6 21.Kg2 Qd4 22.f4 Rd8
23.Bb3 a5 24.h4 Bc5 25.Rd1 Qb4 26.Bc2 Ne7 27.Bd2 Qb6 28.Qc4 Kh8 29.Qxe6 Nd5
30.Kh3 Be3 31.Bc3 Bxf4 32.Bd4 Qc7 33.Qg4 c5 34.Bc3 Ne3 35.Rxd8 Qxd8 36.Qe2 Qd7+
37.Kh2 Ng4+ 38.Kg2 Ne3+ 39.Kg1 Nxc2 40.Rf1 Nd4 41.Qf2 Qg4 42.Bxd4 cxd4 43.Kg2 Kg8  0-1

[Event "61st ch-GRE 2011"]
[Site "Chania GRE"]
[Date "2011.12.01"]
[Round "5"]
[White "Naoum,S"]
[Black "Pavlidis,Ana"]
[Result "0-1"]
[WhiteElo "2131"]
[BlackElo "2352"]

1.d4 d5 2.c4 c6 3.Nc3 Nf6 4.Nf3 dxc4 5.a4 Bf5 6.Ne5 Na6 7.f3 Nd7 8.Nxc4 e5
9.e4 exd4 10.Qxd4 Nb4 11.Qd1 Be6 12.Bf4 Nc5 13.Bd6 Bxd6 14.Nxd6+ Kf8 15.Rc1 Qe7
16.Be2 Nb3 17.Rb1 Nd4 18.e5 Bb3 19.Qd2 Qxe5 20.Kf2 Nbc2 21.Nxb7 Rb8 22.f4 Qe7
23.Na5 Qc5 24.Ne4 Qb6 25.Kf1 Nf5 26.Nf2 Bd5 27.Kg1 Nce3 28.Bf3 Bxf3 29.gxf3 Rd8
30.Qc3 Nh4 31.Qa3+ Kg8 32.Ne4 Rd2 33.Nxd2 Nd1+  0-1

[Event "Vizag GM Open"]
[Site "Visakhapatnam IND"]
[Date "2011.12.01"]
[Round "11"]
[White "Grover,S"]
[Black "Andriasian,Z"]
[Result "1/2-1/2"]
[WhiteElo "2515"]
[BlackElo "2619"]

1.d4 d5 2.c4 c6 3.Nf3 Nf6 4.Nc3 dxc4 5.a4 Bf5 6.Nh4 e6 7.Nxf5 exf5 8.e3 Bb4
9.Bxc4 O-O 10.O-O Nbd7 11.Qc2 g6 12.f3 Rc8 13.Rd1 Qe7 14.e4 Bxc3 15.bxc3 fxe4
16.fxe4 Qxe4 17.Qf2 Qg4 18.Bh6 Rfe8 19.Rf1 Qh5 20.Qd2 Nd5 21.Rab1 b6 22.Rbe1 N7f6
23.Be2 Qh4 24.Bf3 Rxe1 25.Rxe1 Ng4 26.Bxg4 Qxg4 27.c4 Nf6 28.h3 Qd7 29.Qf2 Qf5
30.Qxf5 gxf5 31.Re7 a6 32.Rb7 b5 33.cxb5 cxb5 34.axb5 axb5 35.Rxb5 Ne4 36.Rxf5 Rc6
37.Bf4 f6 38.Rd5 Nc3 39.Rd8+ Kf7 40.Kf2 Ke6 41.Re8+ Kd5 42.Ke3 Re6+ 43.Rxe6 Kxe6
44.Kd3 Nd5 45.Bd2 h5 46.Kc4 Kd6 47.Kd3 Ke6 48.Ke4 Ne7 49.Kf3 Kf5 50.Bc1 Nd5
51.Bh6 Nc3 52.Bd2 Nd5 53.Kg3 Kg6 54.Kh4 f5 55.Kg3 Kf6 56.Bf4 Kg6 57.Be5 Kf7
58.Kf2 Ke6 59.Ke2 Ke7 60.Kd2 Ke6 61.Bh2 Ke7 62.Kc2 Ke6 63.Kd3 Kd7 64.Be5 Ke6
65.Kd2 Ke7 66.Kc2 Kd7 67.Kb3 Ke6 68.g3 Kd7 69.Kc4 Kc6  1/2-1/2

[Event "61st ch-GRE 2011"]
[Site "Chania GRE"]
[Date "2011.12.02"]
[Round "6"]
[White "Aggelis,N"]
[Black "Naoum,S"]
[Result "1-0"]
[WhiteElo "2310"]
[BlackElo "2131"]

1.Nf3 Nf6 2.d4 d5 3.c4 c6 4.Nc3 dxc4 5.a4 Bf5 6.Ne5 Na6 7.e3 Nb4 8.Bxc4 e6
9.Nd3 Nxd3+ 10.Bxd3 Bxd3 11.Qxd3 e5 12.O-O exd4 13.exd4 Be7 14.a5 O-O 15.Qc4 Rc8
16.Bf4 Bd6 17.Bxd6 Qxd6 18.Qc5 Qf4 19.h3 a6 20.Qb6 Qc7 21.Qb4 Rcd8 22.Rfd1 Nd5
23.Qc4 Qd6 24.Ne4 Qg6 25.Ng3 f5 26.Qd3 Qg5 27.Qf3 Qf4 28.Qb3 Rf7 29.Rd3 Qc7
30.Rf3 g6 31.Ne2 Re7 32.Nf4 Kg7 33.Nd3 Qd6 34.Nc5 Rde8 35.g3 Qf6 36.Rd1 Kh8
37.Qc4 Re1+ 38.Rxe1 Rxe1+ 39.Kg2 Qe7 40.Qc2 f4 41.gxf4 Re2 42.Qb3 Qh4 43.Qxb7 Ne3+
44.Kg1 Re1+ 45.Kh2 Nf1+ 46.Kg2 Nd2 47.Rd3 Re7 48.Qb8+  1-0

[Event "TCh-CZE Extraliga 2011-12"]
[Site "Czech Republic CZE"]
[Date "2011.12.03"]
[Round "3.2"]
[White "Cerveny,M"]
[Black "Antoniewski,R"]
[Result "1/2-1/2"]
[WhiteElo "2347"]
[BlackElo "2585"]

1.d4 d5 2.c4 dxc4 3.Nf3 Nf6 4.Nc3 c6 5.a4 Bf5 6.e3 e6 7.Bxc4 Bb4 8.O-O Nbd7
9.Qe2 Bg6 10.e4 O-O 11.e5 Nd5 12.Nxd5 cxd5 13.Bd3 Be7 14.Bd2 a6 15.Bxg6 hxg6
16.Qd3 Rc8 17.Ne1 Qb6 18.b3 Rc6 19.f4 Rfc8 20.Nf3 a5 21.Qb5 Bb4 22.Bxb4 axb4
23.Qxb6 Rxb6 24.a5 Ra6 25.Ra4 b5 26.axb6 Rxa4 27.bxa4 Nxb6 28.Rb1 Nxa4 29.Rxb4 Nc3
30.g3 Ne4 31.Rb7 Rc1+ 32.Kg2 Rc2+ 33.Kg1 Rc1+ 34.Kg2 Rc2+ 35.Kg1  1/2-1/2

[Event "80th Anniversary Mollet CM"]
[Site "Mollet del Valles ESP"]
[Date "2011.12.03"]
[Round "1"]
[White "Delisau Gil,O"]
[Black "Marches Rios,J"]
[Result "1/2-1/2"]
[WhiteElo "1945"]
[BlackElo "2119"]

1.d4 d5 2.c4 c6 3.Nc3 Nf6 4.Nf3 dxc4 5.a4 Bf5 6.e3 e6 7.Bxc4 Bb4 8.O-O Nbd7
9.h3 O-O 10.Nh4 Ne4 11.Nxf5 exf5 12.Bd2 Nxd2 13.Qxd2 Nf6 14.Qc2 g6 15.Rfd1 Qe7
16.d5 cxd5 17.Nxd5 Nxd5 18.Bxd5 Rac8  1/2-1/2

[Event "TCh-BEL 2011-12"]
[Site "Belgium BEL"]
[Date "2011.12.04"]
[Round "5.6"]
[White "Noiroux,K"]
[Black "Marechal,A"]
[Result "1-0"]
[WhiteElo "2211"]
[BlackElo "2336"]

1.d4 Nf6 2.Nf3 d5 3.c4 c6 4.Nc3 dxc4 5.a4 Bf5 6.Nh4 e6 7.Nxf5 exf5 8.e3 Bb4
9.Bxc4 O-O 10.O-O Nbd7 11.Bd2 Rc8 12.Ne2 Qa5 13.Bc3 Ne4 14.Qe1 Bxc3 15.bxc3 Nb6
16.Bd3 c5 17.f3 Nd6 18.Qg3 Rfd8 19.e4 cxd4 20.cxd4 Qd2 21.Rfd1 Qe3+ 22.Qf2 Qxf2+
23.Kxf2 fxe4 24.fxe4 Nbc4 25.Rab1 b6 26.e5 Ne8 27.Rb4 Na5 28.d5 Rc5 29.Rb5 f6
30.Rxc5 bxc5 31.exf6 Nxf6 32.Bf5 g6 33.Be6+ Kg7 34.Nc3 Nc4 35.Rb1 Nd6 36.g4 Nfe4+
37.Nxe4 Nxe4+ 38.Ke3 Nd6 39.Rc1 c4 40.Kd4 Kf6 41.h4 Ke7 42.h5 g5 43.Re1 Kf6
44.Rf1+ Ke7 45.Re1 Kf6 46.Kc5 Nc8 47.a5 c3 48.Kd4 Nd6 49.Kxc3 Rb8 50.Bd7 Nb5+
51.Kc4 Nd6+ 52.Kd4 Nf7 53.Re6+ Kg7 54.Ra6 Rb1 55.Rxa7 Rd1+ 56.Kc5 Rc1+ 57.Kb6 Nd6
58.Bf5+ Kf6 59.Rxh7 Nc4+ 60.Kb5 Nd6+ 61.Kb4 Rc4+ 62.Kb3 Ke5 63.Rd7 Rc5 64.h6 Rxa5
65.h7 Ra8 66.Rxd6 Kxd6 67.Be6 Rb8+ 68.Kc4 Rf8 69.Bg8 Rf4+  1-0

[Event "Chin Van Xanddorj GM"]
[Site "Ulaanbaatar MGL"]
[Date "2011.12.08"]
[Round "6"]
[White "Shomoev,A"]
[Black "Khatanbaatar,B"]
[Result "1/2-1/2"]
[WhiteElo "2578"]
[BlackElo "2356"]

1.d4 d5 2.c4 c6 3.Nf3 Nf6 4.Nc3 dxc4 5.a4 Bf5 6.Nh4 e6 7.Nxf5 exf5 8.e3 Bb4
9.Bxc4 O-O 10.Qc2 g6 11.O-O Nbd7 12.f3 Qb6 13.Kh1 Ba5 14.Na2 c5 15.dxc5 Qxc5
16.b3 Rac8 17.Qf2 Rfe8 18.Bb2 Qxe3 19.Qh4 Nh5 20.Rad1 Ne5 21.Bd4  1/2-1/2

[Event "2nd JAHV McGregor Open"]
[Site "Bogota COL"]
[Date "2011.12.09"]
[Round "7"]
[White "Gutierrez Villamil,Jonathan"]
[Black "Manrique,F"]
[Result "1/2-1/2"]
[WhiteElo "2089"]
[BlackElo "1972"]

1.d4 Nf6 2.Nf3 d5 3.c4 c6 4.Nc3 dxc4 5.a4 Bf5 6.e3 Bd3 7.Bxd3 cxd3 8.Qxd3 a5
9.O-O Na6 10.e4 Nb4 11.Qe2 e6 12.Bg5 Be7 13.e5 Nfd5 14.Bxe7 Qxe7 15.Ne4 O-O
16.g3 Rfd8 17.Nfg5 h6 18.Qh5 Qe8 19.Nh3 f5 20.Qxe8+ Rxe8 21.Nd6 Re7 22.Nf4 Nxf4
23.gxf4 Nd5 24.Ra3 Nxf4 25.Rd1 Nd5 26.Rb3 Nb4 27.Rc1 Rd7  1/2-1/2

[Event "80th Anniversary Mollet CM"]
[Site "Mollet del Valles ESP"]
[Date "2011.12.10"]
[Round "8"]
[White "Vives Jaume,Oriol"]
[Black "Marches Rios,J"]
[Result "1-0"]
[WhiteElo "1974"]
[BlackElo "2119"]

1.d4 d5 2.c4 c6 3.Nf3 Nf6 4.Nc3 dxc4 5.a4 Bf5 6.e3 e6 7.Bxc4 Bb4 8.O-O Nbd7
9.Qe2 O-O 10.e4 Bg6 11.Bd3 Bh5 12.e5 Nd5 13.Nxd5 cxd5 14.Qe3 Be7 15.Bd2 Rc8
16.Rfc1 Rxc1+ 17.Rxc1 Nb8 18.b4 Bg6 19.Bxg6 hxg6 20.b5 Qd7 21.Qc3 Rd8 22.Bg5 Kf8
23.Bxe7+ Qxe7 24.Ne1 Ke8 25.Nd3 a6 26.g3 axb5 27.axb5 b6 28.Qc7 Qxc7 29.Rxc7 Rd7
30.Rc8+ Rd8 31.Rxd8+ Kxd8 32.h4 Nd7 33.g4 g5 34.h5 Ke7 35.Kg2 f6 36.exf6+ Kxf6
37.f4 gxf4 38.Nxf4 Nf8 39.Kf3 Nh7 40.Nh3 Nf8 41.Kf4 Nd7 42.g5+ Ke7 43.Ng1 Nf8
44.Nf3 Kd6 45.Ne5 Ke7 46.Ng4 Nh7 47.h6 g6 48.Ne5 Nf8 49.h7 Nxh7 50.Nxg6+ Kf7
51.Ne5+ Kg7 52.Nd7 Kg6 53.Nxb6 Nxg5 54.Nd7  1-0

[Event "IV Amitan Mem GM"]
[Site "Donetsk UKR"]
[Date "2011.12.11"]
[Round "6"]
[White "Bogdanovich,S"]
[Black "Matjushin,G"]
[Result "1/2-1/2"]
[WhiteElo "2510"]
[BlackElo "2466"]

1.d4 d5 2.c4 c6 3.Nf3 Nf6 4.Nc3 dxc4 5.a4 Bf5 6.e3 e6 7.Bxc4 Bb4 8.O-O O-O
9.Qe2 Ne4 10.Na2 Be7 11.Bd3 Nf6 12.e4 Bg6 13.Rd1 Nbd7 14.Nc3 h6 15.e5 Nd5
16.Ne1 Qe8 17.Be4 f5 18.Bb1 Nb4 19.a5 b5 20.axb6 Nxb6 21.Nd3 Bh5 22.f3 Nxd3
23.Rxd3 Qd7 24.Ba2 Rab8 25.Rd1 Rb7 26.Qc2 Bf7 27.Bb3  1/2-1/2

[Event "3rd Balkan GP Individual"]
[Site "Podgorica MNE"]
[Date "2011.12.13"]
[Round "4"]
[White "Ivanisevic,I"]
[Black "Todorovic,GM"]
[Result "1-0"]
[WhiteElo "2636"]
[BlackElo "2482"]

1.d4 d5 2.c4 c6 3.Nf3 Nf6 4.Nc3 dxc4 5.a4 Bf5 6.Ne5 Nbd7 7.Nxc4 Qc7 8.Qd2 Rd8
9.Qg5 g6 10.f3 Be6 11.Bf4 Qc8 12.e4 Bg7 13.Qa5 O-O 14.Rd1 Nb6 15.Nxb6 axb6
16.Qxb6 Nd7 17.Qb4 c5 18.dxc5 Nxc5 19.Bb5 Rxd1+ 20.Kxd1 Rd8+ 21.Ke2 Rd4 22.Qa3 Nxe4
23.fxe4 Bc4+ 24.Kf2 Qg4 25.Be3 Rd2+ 26.Bxd2 Bd4+ 27.Ke1 Qxg2 28.Bxc4 Qxh1+
29.Ke2 Bf6 30.Qc5 Qxh2+ 31.Kd3 h5 32.Nd5 Qh3+ 33.Kc2 Qg4 34.Nxf6+  1-0

[Event "UTD GM Invitational"]
[Site "Richardson USA"]
[Date "2011.12.16"]
[Round "2"]
[White "Pavlovic,MilosM"]
[Black "Holt,C"]
[Result "1-0"]
[WhiteElo "2486"]
[BlackElo "2461"]

1.d4 d5 2.c4 c6 3.Nf3 Nf6 4.Nc3 dxc4 5.a4 Bf5 6.Ne5 Nbd7 7.Nxc4 Nb6 8.Ne5 a5
9.f3 Nfd7 10.e4 Nxe5 11.dxe5 Be6 12.Be3 Qxd1+ 13.Kxd1 Nd7 14.Kc2 f6 15.exf6 exf6
16.Ne2 Bf7 17.Nd4 Bb4 18.Be2 O-O-O 19.g4 Nc5 20.Rhd1 h5 21.g5 f5 22.g6 Bxg6
23.Rg1 Bh7 24.Rxg7 fxe4 25.f4 Bg8 26.f5 Bd5 27.Rag1 Rd7 28.f6 Bf7 29.Nf5 Bb3+
30.Kb1 Ne6 31.Rg8+ Rxg8 32.Rxg8+ Rd8 33.f7 Kd7 34.Bxh5 Nf8 35.Bg5 Ra8 36.Bg4 Bxf7
37.Rg7 Ke8 38.Nh6 Ne6 39.Rxf7 Nxg5 40.Rxb7 Bf8 41.Ng8 Bd6 42.h4 Nf3 43.Nf6+ Kf8
44.Nxe4 Ne5 45.Be6 Be7 46.h5 Rd8 47.h6 Rd1+ 48.Ka2 Rh1 49.Rb8+ Bd8 50.Rxd8+ Ke7
51.Rg8 Kxe6 52.h7 Nf7 53.Ng5+ Kd5 54.Nxf7 Rxh7 55.Rg5+ Kc4 56.Ne5+ Kc5 57.Ka3 Rh1
58.b3  1-0